Catálogo
 En Linea

Tres temas militares de la historia contemporánea dominicana / (Registro nro. 14564)

Detalles MARC
000 -CABECERA
campo de control de longitud fija 01288nam a2200241 a 4500
001 - NÚMERO DE CONTROL
campo de control 000014991
005 - FECHA Y HORA DE LA ÚLTIMA TRANSACCIÓN
campo de control 20200929163932.0
008 - DATOS DE LONGITUD FIJA--INFORMACIÓN GENERAL
campo de control de longitud fija 100128s2006 dr ac 001 0 spa d
020 ## - NÚMERO INTERNACIONAL ESTÁNDAR DEL LIBRO
Número Internacional Estándar del Libro 9945160540
040 ## - FUENTE DE LA CATALOGACIÓN
Centro catalogador/agencia de origen DO-SdBNP
Lengua de catalogación spa
Centro/agencia transcriptor BNPHU
082 ## - NÚMERO DE LA CLASIFICACIÓN DECIMAL DEWEY
Número de clasificación 972.93054
Número de documento/Ítem C355t
049 ## - FONDOS LOCALES (OCLC)
Fondos de biblioteca BNPD
100 1# - ENTRADA PRINCIPAL--NOMBRE DE PERSONA
Nombre de persona Castro Calcagno, Salvador E.,
Fechas asociadas al nombre 1932-
9 (RLIN) 33933
245 10 - MENCIÓN DE TÍTULO
Título Tres temas militares de la historia contemporánea dominicana /
Mención de responsabilidad, etc. Salvador E. Castro Calcagno.
260 ## - PUBLICACIÓN, DISTRIBUCIÓN, ETC.
Lugar de publicación, distribución, etc. Santo Domingo :
Nombre del editor, distribuidor, etc. Búho,
Fecha de publicación, distribución, etc. 2006.
300 ## - DESCRIPCIÓN FÍSICA
Extensión 51 p. :
Otras características físicas il. ; retrs.
500 ## - NOTA GENERAL
Nota general Incluye datos biográficos del autor en la solapa de la cubierta.
505 0# - NOTA DE CONTENIDO CON FORMATO
Título La Fragata Gregorio Luperón, y su tripulación en la Guerra de Abril de 1965 --
-- El cuerpo de comandos de hombres ranas M. de G., testimonios de su participación en la Guerra de Abril de 1965 --
-- Las glorias seculares de las Fuerzas Armadas Dominicanas --
-- Reflexiones finales --
-- Las nueve invasiones haitianas desde 1801-1865 --
-- Las batallas en las nueve invasiones.
651 #4 - PUNTO DE ACCESO ADICIONAL DE MATERIA--NOMBRE GEOGRÁFICO
Nombre geográfico República Dominicana
Subdivisión general Historia Militar
-- Ensayos, Conferencias, Etc.
9 (RLIN) 33934
651 #4 - PUNTO DE ACCESO ADICIONAL DE MATERIA--NOMBRE GEOGRÁFICO
Nombre geográfico República Dominicana
Subdivisión general Historia
Subdivisión cronológica REVOLUCIÓN, 1965
9 (RLIN) 2167
651 #4 - PUNTO DE ACCESO ADICIONAL DE MATERIA--NOMBRE GEOGRÁFICO
Nombre geográfico República Dominicana
Subdivisión general Fuerzas Armadas
-- Historia
9 (RLIN) 10930
910 ## - DATOS DE OPCIÓN DEL USUARIO (OCLC)
Datos de opción del usuario Validado. Control de calidad EMS
Existencias
Estado de retiro Estado de pérdida Restricciones de uso No para préstamo Código de colección Localización permanente Ubicación/localización actual Ubicación en estantería Fecha de adquisición Número de inventario Total de préstamos Signatura topográfica completa Código de barras Fecha visto por última vez Número de copia Precio válido a partir de Tipo de ítem Koha
        Dominicana de Servicio General General Depósito 28.01.2010 LF1   972.93054 C355t 14991-30 25.06.2020 e. 3 25.06.2020 Libro y Folleto Colección Dominicana de Servicio
        Dominicana de Servicio General General Depósito 28.01.2010 LF1   972.93054 C355t 14991-40 25.06.2020 e. 4 25.06.2020 Libro y Folleto Colección Dominicana de Servicio
        Dominicana de Servicio General General Depósito 28.01.2010 LF1   972.93054 C355t 14991-50 25.06.2020 e. 5 25.06.2020 Libro y Folleto Colección Dominicana de Servicio
      Excluido de préstamo Patrimonio Dominicano Patrimonio Dominicano Patrimonio Dominicano Depósito 28.01.2010 LF1   972.93054 C355t 14991-10 25.06.2020   25.06.2020 Libro y Folleto Colección Patrimonio Dominicano
      Excluido de préstamo Patrimonio Dominicano Patrimonio Dominicano Patrimonio Dominicano Depósito 28.01.2010 LF1   972.93054 C355t 14991-20 25.06.2020 e. 2 25.06.2020 Libro y Folleto Colección Patrimonio Dominicano

Con tecnología Koha